000 00393nam a2200133 i 4500
001 bg
100 1 _aPATYKIEWICZ, JAN
245 0 _aWybrane zagadnienia optyki nieliniowej :
_bpodstawy fizyczne i zastosowania /
_cJan Patykiewicz.
260 _aWarszawa :
_bWydaw. Politechniki Warszawskiej,
_c1991.
040 _cBPK
041 _apol
942 _cKS
008 s pl f |000 0 pol
999 _c4633
_d4633
856 _uhttp://koha.tu.koszalin.pl/cgi-bin/koha/opac-detail.pl?biblionumber=4633
_yKatalog online BPK